Wordt geladen...
Narak se /
| Hoofdauteur: | |
|---|---|
| Formaat: | Printed Book |
| Taal: | English |
| Gepubliceerd in: |
Asar Prakasan,
1971.
|
| LEADER | 00330nam a2200109Ia 4500 | ||
|---|---|---|---|
| 008 | 150624b xxu||||| |||| 00| 0 eng d | ||
| 100 | |a Damodaran, K. | ||
| 245 | |a Narak se / |c K. Damodaran | ||
| 260 | |b Asar Prakasan, |c 1971. | ||
| 942 | |c BK | ||
| 999 | |c 7211 |d 7211 | ||
| 952 | |0 0 |1 0 |4 0 |7 0 |9 7210 |a UL |b UL |c ST2 |d 1998-08-27 |l 0 |p 11434 |r 2012-10-27 |w 2012-10-27 |y BK | ||